000 00603nam a22001817a 4500
003 UA-OsUOA
001 15318
007 ta
008 20031106b un ||||| |||| 00| 0 ukr d
100 _aГлавацька Л.
942 _cSA
040 _aUA-OsUOA
_cUA-OsUOA
_dUA-OsUOA
245 _aІсторія двох сердець
_b[Про родину заслуж. працівника охорони здоров'я М. Епіка з Рівного]
300 _aС.3
955 _a0
773 0 _w0
_tРівне вечірнє
_dРівне
_d2003
_g№64/5 верес./
650 7 _aЕпік М.
_2UDC
999 _c301483
_d301483